00695nam a22002297a 4500003000500000005001700005008004100022010001000063011001000073035001100083040000900094082001600103100001800119245009600137260003000233300002400263500001000287534008800297650002900385650002100414700003000435CHAP20220329143541.0100517s1956 es a r 00010 spa d a98424 a99396 a110082 cCHAP04a330.9bSe521 aSemenov, Juri14aLas riquezas de la tierra :bgeografía económica al alcance de todosc/por Juri Sevenov aBarcelona :bLabor,c1956 axv, 665 p. :bilus. a4 ed. aTít. original :tDie güter der erde. Eine wirtschaftsgeographie für jedermann14aGeografía económica.14aMaterias primas.1 aComas de Candel, Joaquina